TV Shows by Dad Quiz Stats

 Plays Quiz Updated Sep 6, 2015

Also try: TV Show by Kids
Challenge
Share
Tweet
Embed
Score 0/20 Timer 05:00
0 Plays Today
% Correct
The Simpsons
97.4%
Home Improvement
90.4%
Everybody Loves Raymond
89.4%
Married... with Children
88.3%
Full House
86.1%
The Fresh Prince of Bel-Air
85.8%
All in The Family
82.9%
Little House on the Prairie
82%
Roseanne
81.6%
That '70s Show
80.8%
% Correct
Modern Family
78.6%
The Brady Bunch
76.1%
Family Matters
73.8%
Family Ties
71.2%
Growing Pains
67.7%
Malcolm in the Middle
66.4%
Boy Meets World
61.9%
Everybody Hates Chris
58.7%
8 Simple Rules
50.8%
Step by Step
48.6%

You're not logged in!

Compare scores with friends on all Sporcle quizzes.
Join for Free
OR
Log In

You Might Also Like...

Show Comments

Extras

Top Quizzes Today


Score Distribution

Your Account Isn't Verified!

In order to create a playlist on Sporcle, you need to verify the email address you used during registration. Go to your Sporcle Settings to finish the process.

Report this User

Report this user for behavior that violates our Community Guidelines.

Details: